000 00855cam a2200181 4500
008 230912t1979 xxk||||| |||| 00| 0 eng d
041 _aeng
050 _a333.330973
110 _aDebenham Tewson and Chinnocks
_93135
245 _aThe Real Estate Market in the United States of America
260 _aLondon
_bDTC
_c1979
300 _a71p. 30cm
350 _a0
520 _aIncludes Finance, Investors, Legislative controls, sector characteristics (office, retail, industrial, warehousing). Maps and city profiles and comparison tables for Atlanta, Boston, Chicago, Cincinnati, Dallas, Denver, Houston, Kansas, Los Angeles, Miami, Minneapolis, New Orleans, New York, Oklahoma City, Philadelphia, Phoenix, St Louis, San Diego, San Francisco, Seattle, Washington DC.
650 _aUNITED STATES
650 _aCOMMERCIAL PROPERTY
942 _n0
_2ddc
999 _c121664
_d121664